| 000 | 01869cam a22003974i 4500 | ||
|---|---|---|---|
| 003 | PE-LiUPU | ||
| 005 | 20250731184545.0 | ||
| 008 | 150625s r 000 0 d | ||
| 035 | _a(Sirsi) a31064 | ||
| 040 |
_aPE-LiUPU _bspa _cPE-LiUPU _erda |
||
| 082 | 0 | 4 |
_a909 _bIb1 _221 |
| 100 | 1 |
_aIbarra y Rodriguez, Eduardo, dr., _eautor. |
|
| 245 | 1 | 0 |
_aHistoria del mundo en la edad moderna; la edad contemporánea . _n11. |
| 264 | 1 |
_aBarcelona : _bRamón Sopena, _c1955. |
|
| 336 |
_atext _2rdacontent |
||
| 337 |
_aunmediated _2rdamedia |
||
| 338 |
_avolume _2rdacarrier |
||
| 505 | 0 | _aLa Europa moderna. - La gran Bretaña. - La tercera república francesa. - El imperio Alemán. - Austria-Hungría. - Los países bajos. - Escandinavia. - La reacción y la revolución en Rusia. - Movimiento reformista en Rusia. - El extremo oriente. - La regeración del Japón. - La guerra ruso -Japonesa. - La península Ibérica I, II, III. - Literatura española en el siglo XIX y XX. - La unidad Italiana. - Imperio Otomano y la Península Balcánica. - Derecho internacional y prevención. - Movimiento social. - La era científica. - Exploraciones modernas. - Desenvolmiento de la ciencia histórica. - Últimos sucesos. | |
| 526 | _aP136 | ||
| 526 | _aP135 | ||
| 526 | _aP134 | ||
| 526 | _aP133 | ||
| 526 | _aP144 | ||
| 526 | _aP143 | ||
| 526 | _aP87 | ||
| 526 | _aP35 | ||
| 526 | _aP20 | ||
| 526 | _aP14 | ||
| 526 | _aP10 | ||
| 526 | _aP06 | ||
| 942 |
_2ddc _cBOOK |
||
| 949 |
_a909 Ib1 11 _wDEWEY _c1 _i03768 _lCCODEBUL1 _mBUL _p00.00 _r0 _sY _tBOOK _u2015-06-25 _xBIBLIOTECA _zUNKNOWN _0COMPRA _o.STAFF. Colección General |
||
| 596 | _a1 | ||
| 999 |
_a909 IB1 11 _wDEWEY _c38577 _i03768 _f2021-11-8 _g5 _lCCODEBUL1 _mBUL _r0 _sY _tBOOK _u2015-6-25 _xBIBLIOTECA _zUNKNOWN _0COMPRA _o.STAFF. Colección General _d38577 |
||
| 980 |
_81 _gALBERTO SANCHEZ Responsable de Automatización |
||